000 01170nam a2200229Ia 4500
001 L269-47675
003 IT-CnALBA
008 170116s9999||||xx |||||||||||||| ||und||
040 _aIT-CnALBA
_cIT-CnALBA
041 _aITALIANO
100 _aMAGGIONI BRUNO, SAC. DOTT.
245 0 _aLA PAZIENZA DEL CONTADINO. NOTE DI CRISTIANESIMO PER QUESTO TEMPO.
250 _a1a ed.
260 _aMILANO
_bVITA E PENSIERO. SOCIETÀ EDITRICE
_c1996 [1° Ed.:1996 - Ed.Ling.Originale: 1996]
300 _a284 p.
500 _aLA PAROLA. IL VANGELO. L'EVENTO. FEDE SPERANZA E CARITÀ. STILI DI VITA. CHIESA, FIGURA E PROBLEMI. PREFAZIONE. NOTE DI CRISTIANESIMO PER IL NOSTRO TEMPO PER I CRISTIANI INCAPACI DI ATTESA. DISCEPOLO E FIDUCIA IN DIO.
501 _aSocietà San Paolo EM - Piazza San Paolo, 14 - 12051 ALBA (CN) (non commercial uses only) ® Copyright 2017
520 _aLA PAROLA. IL VANGELO. L'EVENTO. FEDE SPERANZA E CARITÀ. STILI DI VITA. CHIESA, FIGURA E PROBLEMI. PREFAZIONE. NOTE DI CRISTIANESIMO PER IL NOSTRO TEMPO PER I CRISTIANI INCAPACI DI ATTESA. DISCEPOLO E FIDUCIA IN DIO.
650 _aEVANGELIZZAZIONE
942 _cBK
957 _71
999 _a54192
_bNO
_g Copie: 1
_c306605
_d306605